Datum a čas kvízu
35
Celkem bodů
Celkový počet nahraných bodů na tomto kvízu bez doplňovacích otázek.
3.
Pořadí na kvízu
Konečné umístění týmu na tomto kvízu.
Zaznamenané odpovědi
| # | Otázka | Odpověď | Body | Výsledky |
|---|---|---|---|---|
| 1. | Od pondělí do čtvrtka brázdila... | Formule 1 | 1 | |
| 2. | V českých médiích se minulý tý... | kozy (a kozly) | 1 | |
| 3. | Který známý americký influence... | Jake Paul | 1 | |
| 4. | V pondělí prohlásila polská sp... | CZC.cz | 1 | |
| 5. | 21letá Andrea Klementová z Tře... | přeplavala kanál La Manche | 1 | |
| 6. | Ve kterém americkém filmu z ro... | Ladíme! (Pitch Perfect) | 1 | |
| 7. | Francouzská hudební komedie s... | Piti Piti Pa | 0 | |
| 8. | Animovaný hudební film Alvin a... | Simon a Theodor | 1 | |
| 9. | V Hříšném tanci si zahráli hla... | Frances, Baby | 0.5 | |
| 10. | Jak se jmenuje československý... | Kdyby tisíc klarinetů | 1 |